000
00325 a2200157 4500
001
188749
020
_a
978-85-7673-196-2
040
_c
Magnum
100
_a
Jose, Elias
240
1
0
_a
Monstruosidades
_l
por
245
1
0
_a
Monstruosidades
300
_a
24
362
0
_a
2009
697
_a
LITERATURA INFANTIL
942
_c
BK
999
_c
188749
_d
188749